Effects of customer loyalty schemes and retail mix on competitiveness of supermarkets in Nakuru town (Record no. 16249)
[ view plain ]
| 000 -LEADER | |
|---|---|
| fixed length control field | 00629nam a22001697a 4500 |
| 008 - FIXED-LENGTH DATA ELEMENTS--GENERAL INFORMATION | |
| fixed length control field | 161124b xxu||||| |||| 00| 0 eng d |
| 040 ## - CATALOGING SOURCE | |
| Original cataloging agency | KABU |
| Transcribing agency | KABU |
| 050 ## - LIBRARY OF CONGRESS CALL NUMBER | |
| Classification number | HF5415.525 |
| Item number | .M84 2013 c. 1 |
| 100 ## - MAIN ENTRY--PERSONAL NAME | |
| Personal name | Muganda, David Asena |
| 245 ## - TITLE STATEMENT | |
| Title | Effects of customer loyalty schemes and retail mix on competitiveness of supermarkets in Nakuru town |
| Statement of responsibility, etc. | David Asena Muganda |
| 250 ## - EDITION STATEMENT | |
| Edition statement | 1st ed. |
| 260 ## - PUBLICATION, DISTRIBUTION, ETC. (IMPRINT) | |
| Place of publication, distribution, etc. | Nakuru, Kenya |
| Name of publisher, distributor, etc. | Kabarak University |
| Date of publication, distribution, etc. | 2013 |
| 300 ## - PHYSICAL DESCRIPTION | |
| Extent | xi, 62 p. |
| Accompanying material | CD-ROM |
| 700 ## - ADDED ENTRY--PERSONAL NAME | |
| Personal name | Waiganjo, Maina |
| 700 ## - ADDED ENTRY--PERSONAL NAME | |
| Personal name | Otuya, Robert |
| 942 ## - ADDED ENTRY ELEMENTS (KOHA) | |
| Source of classification or shelving scheme | Library of Congress Classification |
| Koha item type | Thesis, Dissertation and Projecs |
| Edition | 1st ed. |
| Classification part | HF5415.525 .M84 2013 c. 1 |
| Call number prefix | KTC/The |
| Withdrawn status | Lost status | Source of classification or shelving scheme | Not for loan | Home library | Current library | Date acquired | Total Checkouts | Full call number | Barcode | Date last seen | Date last checked out | Copy number | Price effective from | Koha item type |
|---|---|---|---|---|---|---|---|---|---|---|---|---|---|---|
| Library of Congress Classification | Kabarak, Nakuru City Campus | Kabarak, Nakuru City Campus | 24/11/2016 | 1 | HF5415.525 .M84 2013 c. 1 | 016467 | 23/09/2019 | 19/09/2019 | c. 1 | 24/11/2016 | Thesis, Dissertation and Projecs |